[Event "Wch U12 Girls blitz"]
[Site "Minsk"]
[Date "2018.06.24"]
[Round "1"]
[White "Shaban, Aliaksandra"]
[Black "Kaliakhmet, Eldana"]
[Result "1-0"]
[WhiteElo "1639"]
[BlackElo "1362"]
[PlyCount "159"]
[EventDate "2018.06.24"]
[EventType "swiss (blitz)"]
[EventRounds "9"]
[EventCountry "BLR"]
[SourceTitle "EXT 2019"]
[Source "ChessBase"]
[SourceDate "2018.10.10"]
[SourceVersion "1"]
[SourceVersionDate "2018.10.10"]
[SourceQuality "1"]

1. d4 Nf6 2. c4 e6 3. Nc3 Bb4 4. e3 b6 5. Nf3 Bxc3+ 6. bxc3 Bb7 7. Bd3 Nc6 8. Ba3 d6 9. 0-0 0-0 10. Bc2 Ba6 11. Nd2 Na5 12. Bd3 Re8 13. Be2 Qd7 14. Re1 Qc6 15. Bf3 d5 16. cxd5 exd5 17. Rc1 Nc4 18. Nxc4 Bxc4 19. Qc2 Rad8 20. h3 Qb5 21. Bb4 Bd3 22. a4 Bxc2 23. axb5 Bd3 24. Ra1 Bxb5 25. Rxa7 c6 26. Rb7 Rb8 27. Ra7 Ra8 28. Rea1 Rab8 29. Bd6 Rbc8 30. Rb7 Ne4 31. Bb4 Rb8 32. Raa7 c5 33. dxc5 bxc5 34. Ba5 Rxb7 35. Rxb7 Bc4 36. Ra7 h6 37. Bg4 Rb8 38. f3 Nf6 39. Bf5 g6 40. Bc7 Rb3 41. Be5 gxf5 42. Bxf6 Rb1+ 43. Kh2 Re1 44. Rc7 Rxe3 45. Rxc5 Re6 46. Bd4 Kh7 47. h4 Kg6 48. Kg3 h5 49. Rc8 Kh7 50. Rh8+ Kg6 51. Rg8+ Kh7 52. Rg7+ Kh6 53. Rxf7 Bd3 54. Rf8 Rg6+ 55. Kh2 Re6 56. Rh8+ Kg6 57. Rg8+ Kh6 58. Rg5 Re7 59. Bf6 Rf7 60. Be5 Re7 61. Bd4 Rf7 62. Rg8 Re7 63. Bf6 Rf7 64. Bg5+ Kh7 65. Rd8 Rc7 66. Bf6 Kg6 67. Be5 Re7 68. Rxd5 Bc4 69. Rc5 Bd3 70. Rc6+ Kh7 71. Bf4 Kg7 72. Bg5 Rd7 73. Rh6 Rc7 74. Rxh5 Rxc3 75. Rh6 Rc2 76. Rd6 Be2 77. Kg3 Rc7 78. Rd2 Bb5 79. h5 Kh7 80. Bf4 1-0

[Event "Wch U12 Girls rapid"]
[Site "Minsk"]
[Date "2018.06.22"]
[Round "3"]
[White "Kaliakhmet, Eldana"]
[Black "Dubovyk, Anastasiia"]
[Result "0-1"]
[WhiteElo "1380"]
[BlackElo "1826"]
[PlyCount "74"]
[EventDate "2018.06.22"]
[EventType "swiss (rapid)"]
[EventRounds "9"]
[EventCountry "BLR"]
[SourceTitle "EXT 2019"]
[Source "ChessBase"]
[SourceDate "2018.10.10"]
[SourceVersion "1"]
[SourceVersionDate "2018.10.10"]
[SourceQuality "1"]

1. e4 c5 2. Nf3 d6 3. d4 cxd4 4. Nxd4 Nf6 5. Nc3 g6 6. Be3 Bg7 7. f3 0-0 8. Bc4 Nc6 9. Qd2 Bd7 10. Bb3 Rc8 11. h4 h5 12. Bh6 Bxh6 13. Qxh6 Nxd4 14. Qxg6+ Kh8 15. Bxf7 Rxf7 16. Qxf7 Nxc2+ 17. Kd2 Nxa1 18. Rxa1 Qf8 19. Qg6 Qg7 20. Qg5 Rc5 21. Qxg7+ Kxg7 22. b4 Rc4 23. a3 b5 24. Kd3 a6 25. Re1 Be6 26. g3 Nd7 27. f4 Rc8 28. Kd4 Nb6 29. e5 Rc4+ 30. Kd3 Bf5+ 31. Kd2 d5 32. Re3 d4 33. Rf3 dxc3+ 34. Kc1 Nd5 35. Rf2 Re4 36. Rf1 Re2 37. Rg1 Rb2 0-1